01723nam a2200349 i 4500003000900000005001700009007000300026008004100029020002400070020002400094020002400118040003000142041000800172082001900180100004400199245039600243250002200639264006200661300002700723336002700750337003400777338002800811490005700839490006100896500002200957500005700979600007301036651006601109700004001175700004301215830011501258DO-SdBNP20260305134533.0ta250404b2024 dr ||||| |||| 00| 0 spa d a9789945251043 (v.1) a9789945251142 (v.2) a9789945251159 (v.3) aDO-SdBNPbspacBNPHUerda aspa 4axxxbR696v2221 aRodríguez Morel, Genaro,eautor4aut.10aVisita y residencia hecha al gobernador de la española don Antonio Osorio por Diego Gómez de Sandoval 1608 /cGenaro Rodríguez Morel ; presentación, Frank Moya Pons; cuidado de edición, Genaro Rodríguez Morel ; presentación, Frank Moya Pons ; diagramación y diseño de portada, Yenifer De la Rosa ; índice onomástico, geográfico y temático, Genaro Rodríguez Morel aprimera edición 4aSanto Domingo :bArchivo General de la Nación,c©2024. avolúmenes ;c26 cm. atextobtxt2rdacontent asin mediación bn2rdamedia avolumenbnc2rdacarrier1 aColección Archivo General de la Naciónv504, 5081 aColección Academia Dominicana de la Historiav141, 169 aIncluye índices aIncluye datos biográficos del autor en las solapas14aOsorio y Villegas, Antonio,d1543-1608xCrítica e interpretación 7aRepública DominicanaxHistoriayÉpoca colonial-16082LEMB1 aMoya Pons, Frank,epresentador4pr.1 aDe la Rosa, Yenifer,ediseñador4di. 0aColección Archivo General de la Naciónn504, 508pColección Academia Dominicana de la Historiav141, 169